000 01061nam a2200253Ia 4500
003 OSt
005 20220923215331.0
006 a|||||r|||| 00| 0
007 ta
008 220922b |||||||| |||| 00| 0 hin d
024 _a177,823
037 _cTextual
040 _aARTS
_cARTS
_bhin
041 _2hin
_ahin
082 _aO152,1F52x, L6
100 _aकामत, अशोक प्रभाकर, संपा.
_9163743
245 0 _aआद्य महाराष्ट्रीय हिन्दी कवि आचार्य दामोदर पण्डित और उनकी कविता
246 _aĀdya hinārāṣhṭrīya hindī kavi āchārya dāmodar paṇḍit aur unakī kavitā
260 _aपुणे
_b महाराष्ट्रभाषा सभा
_c1976
300 _a125 पृ.
_ccm.
650 _aहिन्दी साहित्य
_9156264
942 _hO152,1F52x, L6
_cTEXL
_2CC
999 _c331209
_d331209